Riconosci il Pokémon - Quiz n°23 - Statistics

Statistiche generali
  • Questo quiz è stato fatto 10 volte
  • Il punteggio medio è 10 su 10
Statistiche sulle risposte
Indizio Risposta % Corretto
Altezza 0,8 m
100%
Tasso di cattura 255 (43.9%)
100%
Sesso 50% ♂, 50% ♀
100%
Peso 7,5 kg
100%
Stadio evoluzione Forma Base
100%
Abilità Forza Interiore; Intrapasso
100%
Tasso di allevamento Medio-Veloce
100%
Generazione Prima
100%
Tipo Veleno / Volanta
100%
Pokémon Zubat
100%
Nessun quiz corrispondente trovato
Distribuzione punteggi
Percentuale di utenti per punteggio
Percentile per numero di risposta
I tuoi punteggi nel tempo
Non hai fatto questo quiz